02041nam a22001217a 4500041000800000080000700008100002500015245025500040260003100295300000700326520156600333650002001899 aukr a09 aГюбнер Т. В. aАнгліцизми в німецькій мові. За матеріалами журналів ХХІ ст.: Bild, Der Spigel, Brand eins, Euro, Stern, Wirtschaftswoche, Bild der Wissenschaft, Connect, Britte, Cosmopolitan, Sport Bild, Kicker... aОстрогbКАфc2012 a51 aРОЗДІЛ 1. ІСТОРІЯ ПОЯВИ, ОСНОВНІ СФЕРИ ВИКОРИСТАННЯ ТА ПРИЧИНИ ВЖИВАННЯ АНГЛІЦИЗМІВ У НІМЕЦЬКІЙ МОВІ. 1.1. Історичний огляд та причини появи англіцизмів у німецькій мові. 1.2. Основні сфери вживання англіцизмів. 1.3. Причини використання англійських запозичень різними галузями спеціалізації. РОЗДІЛ 2. ОСОБЛИВОСТІ ВЖИВАННЯ АНГЛІЙСЬКИХ ЗАПОЗИЧЕНЬ У МОВІ ПРЕСИ. 2.1. Стилістичні аспекти використання англіцизмів у мові преси. 2.2. Здатність німецькомовних читачів розуміти англіцизми у мові преси. 2.3. Ставлення до англіцизмів у німецькомовних країнах. РОЗДІЛ 3. КЛАСИФІКАЦІЯ АНГЛІЦИЗМІВ ТА ЇХ ІНТЕГРАЦІЯ В СИСТЕМУ НІМЕЦЬКОЇ МОВИ. 3.1. Особливості орфографії англійських запозичень у німецькій мові. 3.2. Фонологічні зміни, яких зазнають англіцизми під впливом німецької мови. 3.3. Морфологічні особливості англіцизмів у німецькій мові.0англіцизми aResearch Papers